<?xml version="1.0" encoding="UTF-8"?>
<record
    xmlns:xsi="http://www.w3.org/2001/XMLSchema-instance"
    xsi:schemaLocation="http://www.loc.gov/MARC21/slim http://www.loc.gov/standards/marcxml/schema/MARC21slim.xsd"
    xmlns="http://www.loc.gov/MARC21/slim">

  <leader>00375nac a2200133zu 4500</leader>
  <controlfield tag="008">260114s1992    ck a|||ar|||| 000 0 spa d</controlfield>
  <datafield tag="020" ind1=" " ind2=" ">
    <subfield code="6">968-16-3779-8</subfield>
  </datafield>
  <datafield tag="082" ind1=" " ind2=" ">
    <subfield code="2">I/813 </subfield>
    <subfield code="6"> B/772</subfield>
    <subfield code="8">C/67</subfield>
  </datafield>
  <datafield tag="100" ind1=" " ind2=" ">
    <subfield code="6">ANTHONY BROWNE</subfield>
  </datafield>
  <datafield tag="245" ind1=" " ind2=" ">
    <subfield code="a">COSAS QUE ME GUSTAN</subfield>
  </datafield>
  <datafield tag="260" ind1=" " ind2=" ">
    <subfield code="a">M&#xC9;XICO:</subfield>
    <subfield code="b">FONDO DE CULTURA ECON&#xD3;MICA</subfield>
    <subfield code="c">2011</subfield>
  </datafield>
  <datafield tag="300" ind1=" " ind2=" ">
    <subfield code="a">20 p&#xE1;ginas;</subfield>
    <subfield code="c">18.1 cm x 15.8 cm</subfield>
  </datafield>
  <datafield tag="942" ind1=" " ind2=" ">
    <subfield code="2">ddc</subfield>
    <subfield code="c">BKN</subfield>
  </datafield>
  <datafield tag="952" ind1=" " ind2=" ">
    <subfield code="0">1</subfield>
    <subfield code="1">0</subfield>
    <subfield code="2">ddc</subfield>
    <subfield code="4">0</subfield>
    <subfield code="6">I_813_000000000000000_B772_C67_1992_R4</subfield>
    <subfield code="7">1</subfield>
    <subfield code="8">GINFANTIL</subfield>
    <subfield code="9">121917</subfield>
    <subfield code="a">BPCEFC</subfield>
    <subfield code="b">BPCEFC</subfield>
    <subfield code="d">2026-01-14</subfield>
    <subfield code="e">DONADO</subfield>
    <subfield code="l">0</subfield>
    <subfield code="o">I/813/B772 C67 1992 R4</subfield>
    <subfield code="r">2026-01-14 20:35:38</subfield>
    <subfield code="w">2026-01-14</subfield>
    <subfield code="y">BKN</subfield>
  </datafield>
  <datafield tag="999" ind1=" " ind2=" ">
    <subfield code="c">68483</subfield>
    <subfield code="d">68483</subfield>
  </datafield>
</record>
